<?xml version="1.0" encoding="UTF-8"?>
<record
    xmlns:xsi="http://www.w3.org/2001/XMLSchema-instance"
    xsi:schemaLocation="http://www.loc.gov/MARC21/slim http://www.loc.gov/standards/marcxml/schema/MARC21slim.xsd"
    xmlns="http://www.loc.gov/MARC21/slim">

  <leader>01337nam0a22003251  4500</leader>
  <controlfield tag="001">rc\289286</controlfield>
  <controlfield tag="005">20260406162646.0</controlfield>
  <datafield tag="010" ind1=" " ind2=" ">
    <subfield code="a">5-265-01499-3</subfield>
    <subfield code="b">&#x432; &#x43F;&#x435;&#x440;.</subfield>
    <subfield code="d">1 &#x440;. 20 &#x43A;.</subfield>
    <subfield code="9">20000</subfield>
  </datafield>
  <datafield tag="021" ind1=" " ind2=" ">
    <subfield code="a">RU</subfield>
    <subfield code="b">90-66963</subfield>
  </datafield>
  <datafield tag="035" ind1=" " ind2=" ">
    <subfield code="a">(NLR Aleph) 009036060</subfield>
  </datafield>
  <datafield tag="090" ind1=" " ind2=" ">
    <subfield code="a">9520515</subfield>
    <subfield code="c">9520515</subfield>
  </datafield>
  <datafield tag="100" ind1=" " ind2=" ">
    <subfield code="a">20030307d1990    |||y0rusy50      ca</subfield>
  </datafield>
  <datafield tag="101" ind1="0" ind2=" ">
    <subfield code="a">rus</subfield>
  </datafield>
  <datafield tag="102" ind1=" " ind2=" ">
    <subfield code="a">RU</subfield>
  </datafield>
  <datafield tag="105" ind1=" " ind2=" ">
    <subfield code="a">a   zr||||||b</subfield>
  </datafield>
  <datafield tag="200" ind1="1" ind2=" ">
    <subfield code="a">&#x412;&#x435;&#x43B;&#x438;&#x43C;&#x438;&#x440; &#x425;&#x43B;&#x435;&#x431;&#x43D;&#x438;&#x43A;&#x43E;&#x432;</subfield>
    <subfield code="e">&#x43F;&#x440;&#x438;&#x440;&#x43E;&#x434;&#x430; &#x442;&#x432;&#x43E;&#x440;&#x447;&#x435;&#x441;&#x442;&#x432;&#x430;</subfield>
    <subfield code="f">&#x414;&#x443;&#x433;&#x430;&#x43D;&#x43E;&#x432; &#x420;.&#x412;.</subfield>
  </datafield>
  <datafield tag="210" ind1=" " ind2=" ">
    <subfield code="a">&#x41C;&#x43E;&#x441;&#x43A;&#x432;&#x430;</subfield>
    <subfield code="c">&#x421;&#x43E;&#x432;&#x435;&#x442;&#x441;&#x43A;&#x438;&#x439; &#x43F;&#x438;&#x441;&#x430;&#x442;&#x435;&#x43B;&#x44C;</subfield>
    <subfield code="d">1990</subfield>
  </datafield>
  <datafield tag="215" ind1=" " ind2=" ">
    <subfield code="a">348, [2] &#x441;., [8] &#x43B;. &#x438;&#x43B;.</subfield>
    <subfield code="c">&#x438;&#x43B;.</subfield>
    <subfield code="d">22</subfield>
  </datafield>
  <datafield tag="320" ind1=" " ind2=" ">
    <subfield code="a">&#x41E;&#x441;&#x43D;&#x43E;&#x432;&#x43D;&#x44B;&#x435; &#x438;&#x437;&#x434;&#x430;&#x43D;&#x438;&#x44F; &#x412;.&#x412;. &#x425;&#x43B;&#x435;&#x431;&#x43D;&#x438;&#x43A;&#x43E;&#x432;&#x430;, &#x43B;&#x438;&#x442;&#x435;&#x440;&#x430;&#x442;&#x443;&#x440;&#x430; &#x43E; &#x43D;&#x435;&#x43C;: &#x441;. 341-349</subfield>
  </datafield>
  <datafield tag="540" ind1="1" ind2=" ">
    <subfield code="a">&#x425;&#x43B;&#x435;&#x431;&#x43D;&#x438;&#x43A;&#x43E;&#x432; &#x412;&#x435;&#x43B;&#x438;&#x43C;&#x438;&#x440;</subfield>
  </datafield>
  <datafield tag="600" ind1="0" ind2="1">
    <subfield code="a">&#x425;&#x43B;&#x435;&#x431;&#x43D;&#x438;&#x43A;&#x43E;&#x432;</subfield>
    <subfield code="b">&#x412;. &#x412;.</subfield>
    <subfield code="f">1885 - 1922</subfield>
    <subfield code="g">&#x412;&#x435;&#x43B;&#x438;&#x43C;&#x438;&#x440; &#x412;&#x43B;&#x430;&#x434;&#x438;&#x43C;&#x438;&#x440;&#x43E;&#x432;&#x438;&#x447;</subfield>
    <subfield code="9">1542119</subfield>
    <subfield code="3">RU\NLR\AUTH\66973648</subfield>
  </datafield>
  <datafield tag="686" ind1="0" ind2=" ">
    <subfield code="a">&#x428;5(2=&#x420;)53-4&#x425;&#x43B;&#x435;&#x431;&#x43D;&#x438;&#x43A;&#x43E;&#x432;</subfield>
    <subfield code="2">rubbk</subfield>
  </datafield>
  <datafield tag="700" ind1=" " ind2="1">
    <subfield code="a">&#x414;&#x443;&#x433;&#x430;&#x43D;&#x43E;&#x432;</subfield>
    <subfield code="b">&#x420;. &#x412;.</subfield>
    <subfield code="f">1940-1998</subfield>
    <subfield code="g">&#x420;&#x443;&#x434;&#x43E;&#x43B;&#x44C;&#x444; &#x412;&#x430;&#x43B;&#x435;&#x43D;&#x442;&#x438;&#x43D;&#x43E;&#x432;&#x438;&#x447;</subfield>
  </datafield>
  <datafield tag="702" ind1=" " ind2="1">
    <subfield code="4">570</subfield>
    <subfield code="8">rus</subfield>
    <subfield code="7">ca</subfield>
    <subfield code="a">&#x425;&#x43B;&#x435;&#x431;&#x43D;&#x438;&#x43A;&#x43E;&#x432;</subfield>
    <subfield code="b">&#x412;.</subfield>
    <subfield code="f">1885-1922</subfield>
    <subfield code="g">&#x412;&#x435;&#x43B;&#x438;&#x43C;&#x438;&#x440;</subfield>
    <subfield code="3">RU\NLR\AUTH\779596</subfield>
    <subfield code="9">119416</subfield>
  </datafield>
  <datafield tag="801" ind1=" " ind2="0">
    <subfield code="a">RU</subfield>
    <subfield code="b">NLR</subfield>
    <subfield code="g">psbo</subfield>
  </datafield>
  <datafield tag="801" ind1=" " ind2="1">
    <subfield code="a">RU</subfield>
    <subfield code="b">ELAR</subfield>
    <subfield code="2">rusmarc</subfield>
  </datafield>
  <datafield tag="801" ind1=" " ind2="2">
    <subfield code="a">RU</subfield>
    <subfield code="b">NLR</subfield>
    <subfield code="c">20130408</subfield>
    <subfield code="2">rusmarc</subfield>
  </datafield>
  <datafield tag="852" ind1=" " ind2=" ">
    <subfield code="a">NLR</subfield>
    <subfield code="j">90-3/10602</subfield>
  </datafield>
  <datafield tag="942" ind1=" " ind2=" ">
    <subfield code="c">BOOK</subfield>
  </datafield>
  <datafield tag="980" ind1=" " ind2=" ">
    <subfield code="a">NB</subfield>
  </datafield>
  <datafield tag="995" ind1=" " ind2=" ">
    <subfield code="5">2013-10-26</subfield>
    <subfield code="b">NLR01</subfield>
    <subfield code="c">NLR01</subfield>
    <subfield code="e">RF9</subfield>
    <subfield code="f">1-960473</subfield>
    <subfield code="k">90-3/10602</subfield>
    <subfield code="o">0</subfield>
    <subfield code="r">BOOK</subfield>
    <subfield code="s">90310602_</subfield>
  </datafield>
  <datafield tag="995" ind1=" " ind2=" ">
    <subfield code="5">2014-02-21</subfield>
    <subfield code="b">NLR01</subfield>
    <subfield code="c">NLR01</subfield>
    <subfield code="e">OZ2</subfield>
    <subfield code="f">1-366960</subfield>
    <subfield code="k">&#x41B;1 &#x428;5(2=&#x420;)7-4/&#x425;-553-&#x414;</subfield>
    <subfield code="o">0</subfield>
    <subfield code="p">1.20</subfield>
    <subfield code="r">BOOK</subfield>
    <subfield code="s">1_5274553</subfield>
  </datafield>
  <datafield tag="995" ind1=" " ind2=" ">
    <subfield code="5">2014-03-07</subfield>
    <subfield code="a">az</subfield>
    <subfield code="b">NLR02</subfield>
    <subfield code="c">NLR02</subfield>
    <subfield code="e">NZ2</subfield>
    <subfield code="f">1-261893</subfield>
    <subfield code="k">&#x41D;&#x437;  &#x428;5(2=&#x420;)7/&#x425;-553&#x434;</subfield>
    <subfield code="o">0</subfield>
    <subfield code="r">BOOK</subfield>
    <subfield code="s">_527553</subfield>
  </datafield>
  <datafield tag="995" ind1=" " ind2=" ">
    <subfield code="5">2015-02-08</subfield>
    <subfield code="a">au</subfield>
    <subfield code="b">NLR03</subfield>
    <subfield code="c">NLR03</subfield>
    <subfield code="e">UJZ</subfield>
    <subfield code="f">1-702545</subfield>
    <subfield code="k">&#x42E; &#x428;5(2=&#x420;)7-4 &#x425;&#x43B;&#x435;&#x431;&#x43D;&#x438;&#x43A;&#x43E;&#x432;,&#x412;/&#x414;-80</subfield>
    <subfield code="o">0</subfield>
    <subfield code="r">BOOK</subfield>
    <subfield code="s">_527480</subfield>
  </datafield>
</record>
